Opatrenia na primeranú ochranu a rozvoj vnútorného trhu kompatibilných so zásadami Svetovej obchodnej organizácie
Vláda SR na svojom zasadnutí (20.8.1996) odsúhlasila Opatrenia na primeranú ochranu a rozvoj vnútorného trhu kompatibilných so zásadami Svetovej obchodnej organizácie - World Trade Organization (WTO). Charakteristika opatrení zameraných na komplexný rozvoj vnútorného trhu a na ochranu domácej výroby...
Gespeichert in:
| Format: | Buchkapitel |
|---|---|
| Sprache: | Slowakisch |
| Schlagworte: | |
| Tags: |
Keine Tags, Fügen Sie das erste Tag hinzu!
|
MARC
| LEADER | 00000naa a2200000 4500 | ||
|---|---|---|---|
| 001 | r021577 | ||
| 005 | 20230921075127.9 | ||
| 041 | 0 | |a slo | |
| 044 | |a SK | ||
| 245 | 1 | 0 | |a Opatrenia na primeranú ochranu a rozvoj vnútorného trhu kompatibilných so zásadami Svetovej obchodnej organizácie |
| 520 | |a Vláda SR na svojom zasadnutí (20.8.1996) odsúhlasila Opatrenia na primeranú ochranu a rozvoj vnútorného trhu kompatibilných so zásadami Svetovej obchodnej organizácie - World Trade Organization (WTO). Charakteristika opatrení zameraných na komplexný rozvoj vnútorného trhu a na ochranu domácej výroby. | ||
| 610 | 2 | 0 | |a trh vnútorný |
| 610 | 2 | 0 | |a Svetová obchodná organizácia |
| 610 | 2 | 0 | |a opatrenia |
| 610 | 2 | 0 | |a ochrana trhu |
| 610 | 2 | 0 | |a vláda |
| 610 | 2 | 0 | |a Slovensko |
| 610 | 2 | 0 | |a 1996 |
| 610 | 2 | 0 | |a ochrana výroby |